000 00783nam a22001697a 4500
005 20260313160632.0
010 _aBACHN26
020 _a9788119798278
_c299.00
037 _bहरआनन्द पब्लिकेशन प्रा.ली.
082 _21
_a230.1
100 _aसुब्रमण्यम
_988527
245 _aहिन्दू राष्ट्र का संवैधानिक प्रारूप एवं भारतीय अस्मिता/
_cसुब्रमण्यम
250 _a1
260 _bहरआनन्द पब्लिकेशन प्र.ली.
_c2024
_aनई दिल्ली
300 _a195पृ.
_c22सेमी(आजिल्द)
942 _2ddc
_mसुब्रम
_cHN
_h320.1
999 _c215573
_d215573